In Dialogue with Truth: A Critical Biography of Henry Martyn (Record no. 21815)
[ view plain ]
| 000 -LEADER | |
|---|---|
| fixed length control field | 00362nam a2200109Ia 4500 |
| 100 ## - MAIN ENTRY--AUTHOR NAME | |
| Author name | Clinton Bennett |
| 245 #0 - TITLE STATEMENT | |
| Title | In Dialogue with Truth: A Critical Biography of Henry Martyn |
| 500 ## - GENERAL NOTE | |
| General note | The Bulletin of Henry Martyn school of Islamic Studies Jan -June 1997 |
| 650 ## - SUBJECT ADDED ENTRY--TOPICAL TERM | |
| Topical Term | Henry Martyn Institute |
| 942 ## - ADDED ENTRY ELEMENTS (KOHA) | |
| Koha item type | Book Reviews |
No items available.
